000 02244nam a2200265 a 4500
001 000015361
003 DO-SdBNP
005 20260304085434.0
008 100205s2001 dr 000 0 spa d
020 _a999342014X
040 _aDO-SdBNP
_bspa
_cBNPHU
082 _a320.97293
_bP349m
100 1 _aPeña Gomez, Jose Francisco ,
_d1937-1998
_92994
245 1 0 _aMis últimos discursos /
_cJosé Francisco Peña Gómez.
260 _aSanto Domingo :
_bManatí,
_c2001.
300 _a262 p. ;
_c24 cm.
500 _aIncluye referncias bibliográficas y notas al pie de las páginas.
505 2 _aPresentación -- Por la unidad del partido -- Nuestra conducta es diferente a la del PLD. Y más propuestas para fortalecer el PRD -- Nuevas estratégias para ganar las elecciones de este año -- El PRD es el más generoso de los partidos -- Nuevos elementos estratégicos: ganar en la capital para afianzar el tiunfo en toda la nación -- Como Judas, los traidores carecen de fe y de visión: el PRD triunfar -- Por una Asamblea Nacional de Constituyente con una amplia participación de la sociedad civil -- Propuestas de cambios en la dirección del partido. La cuestión de las candidaturas -- Trazando el camino de la victoria --Nuestro programa municipal -- Por la descentralización del Ayuntamiento de Distrito Nacional -- Más detalles sobre nuestro programa municipal para el Distrito Nacional -- Los candidatos del Distrito Nacional -- Las elecciones del 1998 serán un paso inevitable hacia la vistoria del 2000 -- El PRD es el partido de las reformas -- !Hay que rechazar la provocación y la violencia! -- Nuestra posición sobre Cuba ha sido diáfana y respetuosa -- Aquí están nuestros candidatos: con ellos ganaremos de manera aplastante -- Ganaremos a pesar del uso abusivo de los recursos del Estado del PLD -- Los grandes problemas del Distrito Nacional y sus soluciones -- Hay que cuidarse de los <<independientes>>.
590 _aInventariado, 2018/LP
600 1 0 _aPeña Gomez, Jose Francisco ,
_d1937-1998
_xDiscursos
_92994
650 4 _aPolíticos
_zRepública Dominicana
_91349
651 0 _aRepública Dominicana
_xPolítica y gobierno
_945
910 _aValidado. Control de calidad BNPHU
942 _2ddc
_cLBS1
999 _c14926
_d14926